Presidents of Croatia - Statistics

General Stats
  • This quiz has been taken 4 times
  • The average score is 5 of 7
Answer Stats
Years Served President % Correct
2015 - 2020 Kolinda Grabar-Kitarović
100%
2020 - Present Zoran Milanović
100%
1990 - 1999 Franjo Tuđman
75%
2010 - 2015 Ivo Josipović
75%
2000 - 2010 Stjepan Mesić
75%
(Acting) 2000 Zlatko Tomčić
50%
(Acting) 1999 - 2000 Vlatko Pavletić
25%
No matching quizzes found
Score Distribution
Percent of People with Each Score
Percentile by Number Answered
Your Score History
You have not taken this quiz